000 00754nam a2200265Ia 4500
003 OSt
005 20220918170125.0
006 a|||||r|||| 00| 0
007 ta
008 220917b |||||||| |||| 00| 0 eng d
020 _a9004101268 (hbk)
024 _a187,053
037 _cTextual
040 _aARTS
_cARTS
_beng
041 _2eng
_aeng
082 _aU8(T).5.N, N4 (SC)
100 _aWarneke Sara
_927194
245 0 _aImages of the educational traveller in early modern England
260 _aNetherland
_bE.J. Bill
_c1994
300 _ax, 327p.
_ccm.
490 _aBrill's studies in intellectual history
650 _aGEOGRAPHY
942 _hU8(T).5.N, N4 (SC)
_cTEXL
_2CC
999 _c132715
_d132715